Quelqu'un m'a dit Carla Bruni-paroles - Statistiques

Statistiques générales
  • Ce quiz a été pris 267 fois
  • Le résultat moyen est 183 sur 226
Statistiques - réponses
Réponse % Correct
dit
100%
dit“
100%
dit...
100%
que
100%
Que
100%
en
99%
m'a
98%
qui
98%
encore
97%
m'aimais
97%
me
97%
tu
97%
Tu
97%
le
96%
On
96%
on
96%
se
96%
à
95%
quelqu'un
95%
les
93%
pas
93%
C'est
90%
c'est
90%
est
89%
il
89%
“Il
89%
ne
89%
un
89%
de
88%
la
87%
alors
86%
Alors
86%
des
85%
possible
85%
chose
83%
temps
83%
comme
80%
nos
80%
Serait-ce
80%
fait
79%
instant
79%
grand
78%
roses
77%
et
76%
fanent
76%
Mais
76%
mais
76%
valent
76%
passent
75%
s'en
75%
Je
74%
je
74%
vies
74%
Elles
72%
manteaux
70%
salaud
70%
nous
67%
Pourtant
67%
plus
64%
bien
59%
rien
59%
tout
59%
dans
58%
moque
57%
chagrins
56%
Qu'il
54%
qu'il
54%
nuit
53%
promet
51%
est-ce
50%
main
50%
vous
50%
glisse
49%
donne
48%
souviens
48%
tard
48%
aime
47%
c'était
47%
vois
47%
dites
45%
portée
45%
destin
42%
vraiment
42%
bonheur
41%
fou
41%
l'ai
41%
l'a-t-on
41%
retrouve
41%
secret
41%
tend
41%
toujours
39%
lui
37%
traits
37%
voix
37%
J'entends
36%
j'vous
35%
Parait
32%
qu'le
28%
tristesses
26%
Aucun quiz correspondant
Distribution des résultats
% des personnes avec chaque résultat
Percentile par nombre de réponses
Votre historique - résultats
Vous n’avez pas pris ce quiz